000 00413nam a22001697a 4500
005 20251108172553.0
008 250721s9999 xx 000 0 eng d
082 1 4 _a610.73NUR
100 1 _aPudner, Rosemary
_eEditor
245 1 0 _aNursing The Surgical Patient /
264 1 _aLondon :
_bBailliereTindall,
300 _a537p
650 1 7 _aNursing
650 1 7 _aSURGICAL
942 _2ddc
_cBK
999 _c82837
_d82837